[Event "NOR-ch"]
[Site "Drammen"]
[Date "1994.??.??"]
[Round "1"]
[White "Fossan, Erik"]
[Black "Agdestein, Simen"]
[Result "0-1"]
[WhiteElo "2340"]
[BlackElo "2595"]
[Annotator "ChessBase"]
[PlyCount "71"]
[EventDate "1994.??.??"]
[EventType "swiss"]
[EventRounds "9"]
[EventCountry "NOR"]
[SourceTitle "TD"]
[Source "ChessBase"]
[SourceDate "1994.03.01"]
[SourceVersion "1"]
[SourceVersionDate "1994.03.01"]
[SourceQuality "1"]

1. e4 Nf6 2. e5 Nd5 3. d4 d6 4. c4 Nb6 5. exd6 cxd6 6. d5 e5 7. Nc3 Be7 8. Bd3
O-O 9. Nge2 f5 10. b3 a5 11. O-O Na6 12. f4 Nd7 13. Be3 Ndc5 14. Bc2 Bf6 15.
Rc1 Bd7 16. Kh1 Qe7 17. Qd2 Rae8 18. Rce1 Qd8 19. a3 g6 20. Rb1 Bc8 21. b4 axb4
22. axb4 Nd7 23. Ba4 Kh8 24. Bb5 Nc7 25. c5 Qe7 {[#]} 26. fxe5 (26. Bxd7 $1)
26... Bxe5 27. Bg5 Qf7 28. Ba4 dxc5 29. bxc5 Na6 30. c6 bxc6 31. Bxc6 Nac5 32.
Nd4 Ba6 33. Ncb5 Ne4 34. Qa5 Bxb5 35. Qxb5 Rb8 36. Qa4 $22 0-1

[Event "EU-chT (Men) 15th"]
[Site "Gothenburg"]
[Date "2005.08.07"]
[Round "9.1"]
[White "Illescas Cordoba, Miguel"]
[Black "Baburin, Alexander"]
[Result "1-0"]
[WhiteElo "2624"]
[BlackElo "2523"]
[Annotator "Cox,J"]
[PlyCount "87"]
[EventDate "2005.07.30"]
[EventType "team-swiss"]
[EventRounds "9"]
[EventCountry "SWE"]
[SourceTitle "CBM 109"]
[Source "ChessBase"]
[SourceDate "2005.11.14"]
[SourceVersion "1"]
[SourceVersionDate "2005.11.14"]
[SourceQuality "1"]
[WhiteTeam "Spain"]
[BlackTeam "Ireland"]
[WhiteTeamCountry "ESP"]
[BlackTeamCountry "IRL"]

1. e4 Nf6 2. e5 Nd5 3. d4 d6 4. c4 Nb6 5. f4 dxe5 6. fxe5 Nc6 7. Be3 Bf5 8. Nc3
e6 9. Nf3 Bg4 10. Be2 (10. Qd2 {is the main alternative, but the text has been
more popular lately.}) 10... Bxf3 11. gxf3 Qh4+ 12. Bf2 Qf4 13. c5 Nd5 ({
The main alternative} 13... Nd7 {is under a cloud in view of} 14. Bb5 Be7 15.
O-O Bh4 16. Bxc6 bxc6 17. Qa4 O-O 18. Rad1 Rab8 19. Bxh4 Qxh4 20. Rf2 Rfd8 21.
Qxc6 {Koch-Konopka, Clichy 1993}) 14. Nxd5 exd5 15. Qd2 Qxd2+ 16. Kxd2 g6 17.
Be3 {A novelty in theory, but this was recommended by Timman after his game
with de Firmian given below, and is also approved in ECO.} (17. f4 Bh6 18. Be3
Ne7 19. Bd3 Nf5 20. Bxf5 gxf5 21. Rhg1 Kd7 22. Rg3 Rag8 23. b4 Rxg3 $1 (23...
Rg6 24. Ke2 Bf8 25. Rg5 $16 {was Timman-de Firmian, Malmo 2001}) 24. hxg3 Bf8
25. b5 c6 26. a4 Be7 27. Rh1 h5 $11 {was Atalik-de Firmian, Imre Konig
memorial 2002}) 17... f6 (17... h5 18. f4 Ne7 19. Bd3 Nf5 $11 {was Atalik's
comment after his game with de Firmian, although White doesn't have to play 18
f4 at once. The text has a different idea altogether from the blockade
strategy de Firmian was employing, but in the game it doesn't work out at all
well.}) 18. exf6 (18. f4 Bh6 19. Bb5 {looks better for White as well to me. To
be perfectly honest I don't understand why Black wants to give White the
chance to trade away the f-pawn at all.}) 18... Kf7 19. Bb5 {An echo of
Koch-Konopka above.} Nd8 (19... Kxf6 20. Rae1 Bg7 21. Kc3 Rhe8 22. Bf4 Rac8 23.
Bxc6 bxc6 24. Be5+ Kf7 25. f4 {illustrates Black's difficulties, and is also
quite unpleasant for Black.}) 20. Bd7 Kxf6 21. Bf4 Ke7 22. Bh3 c6 23. Rhe1+ $16
Kf7 24. Kd3 Bg7 25. a4 {A difficult move to understand. I think the point is
that Black cannot move his knight on d8 and is thus more or less hopeless
unless he can get ...b6 in. White wants to meet ...b6 with cxb6 axb6; Bc7, and
so he begins his planned queenside advance with the move which brings the
potential passed a-pawn a little nearer touchdown and restricts the Black rook.
} (25. b4 $2 b6 26. cxb6 $2 axb6 27. Bc7 $4 Ra3+ {, by contrast, would be
disastrous.}) 25... Bf6 (25... b6 26. cxb6 axb6 27. Bc7 Ra6 28. b4 c5 29. b5
Ra8 30. Bxb6 Bxd4 31. Ra2 {would illustrate the above point: the queenside
pawns win quickly, but clearly with the a-pawn on a2 this line would not have
worked at all.}) 26. b4 a6 27. Bd7 g5 28. Bg3 h5 29. b5 {I'm not sure about
this. Now that Black has been restrained from ...b6 I would have thought it
made more sense to move all the pieces to their most active positions and
break open the kingside, where White has an extra piece, with f4.} (29. Bc7 h4
30. Ra2 Rg8 31. Rae2 Kg6 32. f4 {is only a sample line generated with the
computer, but I can't quite see what Black's counter to this plan is.}) 29...
axb5 30. axb5 Rxa1 31. Rxa1 cxb5 32. Bxb5 Kg6 {Black seems to lose very
quickly now for no particular reason. It was surely better finally to develop
the knight with} (32... Ne6 {. I don't see that White has better than
defending the d-pawn with} 33. Ra4 {but after} h4 {Black can at least move all
his pieces and seems to me to have much better drawing chances than he does in
the game.} 34. Bf2 Nf4+ 35. Kd2 Rh7 36. Be3 Ke6 {, for example, enables him to
defend the b-pawn laterally, and while White may still be better he certainly
has a long struggle ahead if he wants to win.}) 33. Re1 Kf7 {This can't have
been Black's idea: somewhere here Baburin must have overlooked a tactic, but I
can't see what it was.} 34. Bd7 Nc6 35. Be6+ $18 Kg7 36. Rb1 Nxd4 37. Rxb7+ Kh6
38. Bxd5 Rd8 39. Kc4 Nf5 40. Be4 Rd4+ 41. Kb5 Rxe4 42. fxe4 Nxg3 43. hxg3 Be5
44. Re7 1-0

[Event "Villa Martelli Ann 50th"]
[Site "Villa Martelli"]
[Date "2005.08.20"]
[Round "4"]
[White "Felgaer, Ruben Alejandro"]
[Black "Slipak, Sergio"]
[Result "1-0"]
[WhiteElo "2618"]
[BlackElo "2489"]
[Annotator "Cox,J"]
[PlyCount "91"]
[EventDate "2005.08.17"]
[EventType "tourn"]
[EventRounds "10"]
[EventCountry "ARG"]
[EventCategory "13"]
[SourceTitle "CBM 109"]
[Source "ChessBase"]
[SourceDate "2005.11.14"]
[SourceVersion "1"]
[SourceVersionDate "2005.11.14"]
[SourceQuality "1"]

1. e4 Nf6 2. e5 Nd5 3. d4 d6 4. c4 Nb6 5. exd6 exd6 6. Nc3 Be7 7. Be3 O-O 8.
Qf3 {Korchnoi's invention to spice up this rather dull ...exd6 Exchange line.}
Nc6 9. O-O-O Be6 (9... f5 {and}) (9... Bg5 {are the two main alternatives.})
10. b3 (10. c5 {is the main alternative when the splendid scrap
Neelotpal-Miles, Andorra 1998, went} Nd7 11. Nge2 Nf6 12. h3 Bd7 13. Nf4 Re8
14. g4 h6 15. Bb5 dxc5 16. dxc5 Qc8 17. Qg3 Ne5 18. Be2 Bc6 19. f3 Nfd7 20.
Rhg1 Bxc5 21. Bxc5 Nxc5 22. g5 Qf5 23. gxh6 g6 24. Qh4 Kh7 25. Ncd5 Bxd5 26.
Nxd5 Ned7 27. Rg5 Qe6 28. Qd4 Kxh6 29. Rdg1 Qc6 30. Bc4 Ne5 31. Rxe5 $4 $19 (
31. Ne3 $18) 31... Rxe5 32. Qf4+ (32. Qxe5 Nd3+) 32... g5 33. Qxf7 Nd7 34. b3
Rf8 35. Ne7 Qb6 36. Ng8+ Rxg8 {0-1: a game with some fairly typical themes for
this variation as well as (I imagine) a ferocious time scramble.}) 10... Qc8 (
10... a5 {has been more popular and certainly weakening the White king with ...
a5; a4 looks tempting.}) 11. h3 Bf5 $146 (11... a5 {1/2-1/2 was Seul-Horvath,
Budapest 1995.}) 12. Nge2 a5 13. g4 Bg6 14. h4 f5 15. g5 f4 ({This wasn't
compulsory: after} 15... a4 16. c5 dxc5 17. dxc5 axb3 18. cxb6 bxa2 19. Kb2 Bf7
{Black has dangerous compensation for the piece, so 15...a4 was a very logical
alternative.}) 16. Nxf4 a4 17. Bh3 ({The computer seems very confident about} 
17. Qe2 Bf5 (17... Rxf4 18. Bxf4 axb3 19. axb3 Qf5 20. Be3 Nb4 21. Qb2 Ra1+ 22.
Kd2 $18) 18. c5 Nd7 19. Nxa4 dxc5 20. dxc5 Rxa4 (20... Nde5 21. Bg2 Kh8 22.
Rhe1 Ra5 23. Rd5) 21. bxa4 Nde5 22. Bg2 Qa8 23. Qb5 $18 {, and as usual I am
not able to prove it wrong, although one can see that carbon-based players are
going to be uneasy about White's airy king.}) 17... Bf5 18. Kb2 axb3 19. axb3
Ne5 20. Qe2 {Either my computer is off form or the players were, because it
reckons Black's piece sacrifice is nonsense in more ways than one. Two that
it's particularly attached to are .} (20. dxe5 dxe5 21. Bxb6 Ba3+ 22. Ka1 {
(these machines have no fear)} exf4 (22... Bc5+ 23. Na4 cxb6 24. Qd5+ Kh8 25.
Bxf5 Rxf5 26. Ne6 $18) 23. Bd4 $18) ({and, fairly simply,} 20. Bxf5 Qxf5 21.
Qe4 {when it offers nothing better than a desperate punt with} Nbxc4+ 22. bxc4
Nxc4+ 23. Kb1 Rf7 {. Again I'm afraid I can't do any better than these
variations. Having said that Felgaer's method works perfectly well too in the
game, although I think Bxf5 and Qe4 was easier..}) 20... d5 21. Bxf5 Qxf5 22.
Ncxd5 Ba3+ 23. Kc3 Ng6 (23... Nxd5+ 24. Nxd5 Nf3 {perhaps gave more chance of
causing some confusion, but White's king is surprisingly safe on c3.}) 24. Qd3
Nxd5+ 25. Nxd5 Qd7 26. Ra1 b5 27. h5 Ne7 28. Nxe7+ Bxe7 29. cxb5 $18 Rab8 30.
Ra5 Rf5 31. Qc4+ Kh8 32. Rha1 Qd8 33. Qc6 Rf8 34. f4 Bd6 35. h6 Qe7 36. Kd3
Rbe8 37. Qf3 Qf7 38. Kc3 Qe6 39. Bd2 gxh6 40. gxh6 Qxh6 41. Ra8 Qg6 42. f5 Qf7
43. Rxe8 Qxe8 44. f6 Qd8 45. Bh6 Rxf6 46. Qxf6+ 1-0

[Event "La Roche sur Yon"]
[Site "La Roche sur Yon"]
[Date "2006.03.22"]
[Round "7"]
[White "Rodriguez Guerrero, Enrique"]
[Black "Bauer, Christian"]
[Result "1-0"]
[WhiteElo "2464"]
[BlackElo "2627"]
[Annotator "Cox,J"]
[PlyCount "89"]
[EventDate "2006.03.15"]
[EventType "tourn"]
[EventRounds "9"]
[EventCountry "FRA"]
[EventCategory "12"]
[SourceTitle "CBM 112"]
[Source "ChessBase"]
[SourceDate "2006.06.07"]
[SourceVersion "1"]
[SourceVersionDate "2006.06.07"]
[SourceQuality "1"]

1. e4 Nf6 2. e5 Nd5 3. d4 d6 4. c4 Nb6 5. exd6 exd6 6. Nc3 Be7 7. Bd3 Nc6 8.
Nge2 {Quite a popular method of tackling Black's solid ...exd6 system.} Bf6 (
8... O-O {is commoner, although if White wants to he can always keep the
king's bishop with} 9. b3 {(defending c4 so as to meet ...Nb4 with Bb1)}) 9.
Be3 O-O ({Since} 9... Nb4 10. Bb1 Nxc4 $4 {is impossible White succeeds in
preserving his d3 bishop.}) 10. b3 (10. O-O Nb4 {is often played but Rodriguez
prefers to stop the possibility of this exchanging manoeuvre.}) 10... Re8 11.
O-O Bg4 {Bauer's set-up is perhaps the most natural way to meet White's solid
system, but this position hasn't been reached that often.} 12. Qd2 Bh5 (12...
d5 13. c5 Nc8 {looks like Black's most thematic method to me, and} 14. h3 Bxe2
15. Nxe2 N8e7 16. b4 a6 {led to an immediate draw in V.Dimitrov-J.Nogueiras,
Terrassa open 1996.}) 13. Rae1 (13. Nf4 Bg6 14. Nxg6 hxg6 15. Be4 Qd7 {also
gave White the advantage in S.Martinovic-R.Nicevski, Yugoslav Champs 1963.})
13... Bg6 14. h3 ({Presumably Bauer wasn't afraid of} 14. Bxg6 hxg6 15. d5 Ne5
16. Ne4 {although this looks pretty disagreeable for Black to me and indeed
clearly preferable for White to what happens in the game.}) 14... d5 15. c5 Nc8
16. Nf4 N8e7 ({Black can't yet take the bishop because of} 16... Bxd3 17. Qxd3
N8e7 18. Nh5 {, but, curiously to my eyes, White prefers anyway to keep his
knight rather than the bishop.}) 17. g4 {An ambitious move which presumably
was the idea of White's fourteenth. This plan of advancing the kingside pawns
is often dangerous for Black in this ...exd6 system, although where Black has
managed to exchange his bishop it isn't so clear what White is achieving.} Bxd3
18. Qxd3 g6 19. Rb1 b6 20. b4 Qd7 $6 {A very provocative and probably rather
bad move. It isn't easy to understand what Bauer had against the natural} (
20... bxc5 21. bxc5 Qd7 {. White can easily end up missing his light-squared
bishop after ...Na5-c4, as in the classic game for Black in this ...exd6 line;
Gipslis-Larsen, Sousse interzonal 1967.}) 21. Rfd1 Bg7 (21... bxc5 {can now be
met by} 22. dxc5) 22. b5 Na5 23. c6 Qd8 24. Ng2 $1 {The start of an excellent
regrouping plan which Bauer had obviously totally underestimated. White needs
to get his bishop playing, and he also prepares to go Ne3 and remove Black's
only good piece..} a6 25. a4 axb5 26. axb5 Nc4 27. Bf4 h5 $6 {A desperate move,
but it's hard to see what defence Black had anyway to the simple plan Re1, Ne3
and so on.} 28. Qg3 (28. gxh5 gxh5 29. Qf3 Ra3 30. Bc1 {was also very strong
but Rodriguez prefers to continue his plan.}) 28... Ra3 29. Rd3 Ra7 30. Ne3
hxg4 31. hxg4 Nxe3 32. Bxe3 Nc8 33. Qf3 {Winning material and effectively
concluding the game.} Nd6 34. Qxd5 Qh4 35. Qg5 Qxg5 36. Bxg5 Ra3 37. Rbd1 Bxd4
$2 {Black was lost of course, but this loses at once.} 38. Rxd4 Rxc3 39. Bf6
Re6 40. g5 Ne8 41. Rd8 Rh3 42. Kg2 Rh4 43. Kg3 Rh5 44. R1d7 Rh1 45. Be7 {
A terrible disaster for Black who emerged fine from the opening but completely
underestimated White's prospects once the pawn came to c6.} 1-0

[Event "EU-ch 6th"]
[Site "Warsaw"]
[Date "2005.06.19"]
[Round "2"]
[White "Tazbir, Marcin"]
[Black "Zelcic, Robert"]
[Result "1-0"]
[WhiteElo "2322"]
[BlackElo "2514"]
[Annotator "Cox,J"]
[PlyCount "77"]
[EventDate "2005.06.18"]
[EventType "swiss"]
[EventRounds "13"]
[EventCountry "POL"]
[SourceTitle "CBM 108"]
[Source "ChessBase"]
[SourceDate "2005.09.26"]
[SourceVersion "1"]
[SourceVersionDate "2005.09.26"]
[SourceQuality "1"]

1. e4 Nf6 2. e5 Nd5 3. c4 Nb6 4. d4 d6 5. exd6 cxd6 6. d5 {A rare move which
is probably better than its reputation. White has scored very well with it
although it has yet to attract a GM following. In fact Zelcic has lost against
it before.} e5 {The reply usually recommended.} (6... g6 $2 7. Qd4 {is bad,
but 6...e6 is a reasonable alternative.}) 7. Nc3 Be7 8. Bd3 O-O 9. Nge2 {
White's usual set-up: he needs to be able to meet ...f5 with f4.} f5 10. b3
N8d7 (10... a5 {is the alternative, eg} 11. O-O Na6 12. f4 Nd7 13. Be3 Ndc5 14.
Bc2 Bf6 15. Rc1 Bd7 16. Kh1 Qe7 {with rough equality, Fossan-Agdestein,
Norwegian Champs 1994}) (10... e4 11. Bc2 N8d7 12. O-O Ne5 13. Nd4 Bf6 14. f4
exf3 15. gxf3 Ng6 16. f4 Nd7 17. Kh1 Bxd4 18. Qxd4 Nf6 {was Biti-Zelcic, Rabac
open 2003, where clearly Black's play hadn't quite come off and White was
better and went on to defeat his higher-rated opponent quite comfortably.}) 11.
O-O {This position has been reached several times before.} Kh8 $146 (11... e4
12. Bc2 Bf6 13. Be3 {looks like the most natural method for Black to me, and
now maybe 13...} Ne5 $13 {: in Grobelsek-Begovac, Velika Gorica 2003, Black
introduced interesting complications with} (13... f4 $6 14. Bxb6 Qxb6 15. Bxe4
Nc5 16. Rc1 Bg4 17. Qc2 Nxe4 18. Nxe4 Be5 19. Ng5 Rf5 {but now} 20. Nf3 {
would have left him struggling a little to demonstrate compensation.})) (11...
g5 12. f3 Nc5 13. Bc2 Bd7 14. Be3 (14. b4 Na6 15. c5 $6 dxc5 16. d6 Bf6 17. b5
Nb4 18. Bb1 $15 {was less successful in Palkovi-Krizsany, Budapest 1994.})
14... Qe8 15. Qd2 Qh5 16. Rae1 Rf7 17. Ng3 Qh6 18. Bf2 Raf8 {perhaps rather
favoured White in Berescu-Grunberg, Timisoara 1993.}) 12. Rb1 f4 {A very
committal move, of course, and it doesn't take a grandmaster to notice the e4
square it grants White. But there are counterbalances in the gain of space on
the kingside, and this move is reasonably common in this structure.} 13. f3 Nc5
14. Bc2 a5 15. a3 Bf5 {Strategically a risky move, of course, but the exchange
of bishops at some point is necessary to obtain counterplay against c4 and
make sense of Black's knights.} (15... a4 {is a critical try to weaken c4, but}
16. b4 Na6 17. Bd3 Bf5 18. Bxf5 Rxf5 19. Nxa4 Nxc4 20. Qd3 Qc8 21. Bxf4 exf4
22. Rfc1 b5 23. Nb6 Qb7 24. Nxa8 Rxd5 25. Qe4 Qxa8 26. Nc3 Qa7+ 27. Kh1 Re5 28.
Nxb5 Rxb5 29. Rxc4 $16 {, while a suspiciously long variation, is quite hard
for Black to deviate from.}) 16. Bxf5 Rxf5 17. Qc2 Rf8 18. Ne4 Nxe4 19. Qxe4 a4
20. Bd2 Qc7 21. Rfc1 axb3 22. Rxb3 Nd7 {I'm not sure about this move. The
knight's position on b6 attacking the c4 pawn had some advantages, while after
taking it to c5 Black constantly has to watch out for White exchanging it for
the bishop followed by a knight-v-bad bishop squeeze.} (22... Rfc8 {was a very
natural alternative which might even have given Black some advantage.} 23. Be1
Nxc4 24. Kh1 b5 25. Rxb5 Qd7 26. Rb3 Nxa3 27. Rxc8+ Qxc8 28. Nxf4 exf4 29. Qxe7
Qc1 {, for example, favours Black.}) 23. Qb1 Nc5 24. Rb5 Rxa3 25. Bb4 Rb3 26.
Qc2 Rc8 $4 {Losing in one move from a more or less equal position.} (26... Ra8
{was essential to prevent White's next.} 27. Nc3 Rxb4 28. Rxb4 Nd3 29. Qxd3
Qc5+ 30. Kh1 Qxb4 {is a useful trick.}) 27. Ba5 $1 {I suppose Zelcic simply
missed this move altogether.} b6 28. Bxb6 Qb7 ({If Black wanted to keep
playing it had to be with} 28... Qxb6 29. Rxb6 Rxb6 {followed by stout defence,
but after 26...Rc8 it's understandable if he didn't want to!}) 29. Rxb3 Nxb3
30. Qxb3 Bd8 31. Rb1 Rb8 32. Bxd8 Qxb3 33. Rxb3 Rxb3 34. Bc7 Rb2 35. Kf2 Rc2
36. Bxd6 Rxc4 37. Bxe5 Kg8 38. Nxf4 Kf7 39. h4 1-0

[Event "EU-ch 6th"]
[Site "Warsaw"]
[Date "2005.06.21"]
[Round "4"]
[White "Lanzani, Mario"]
[Black "Sergeev, Vladimir"]
[Result "1/2-1/2"]
[WhiteElo "2356"]
[BlackElo "2458"]
[Annotator "Cox,J"]
[PlyCount "120"]
[EventDate "2005.06.18"]
[EventType "swiss"]
[EventRounds "13"]
[EventCountry "POL"]
[SourceTitle "CBM 108"]
[Source "ChessBase"]
[SourceDate "2005.09.26"]
[SourceVersion "1"]
[SourceVersionDate "2005.09.26"]
[SourceQuality "1"]

1. e4 Nf6 2. e5 Nd5 3. d4 d6 4. c4 Nb6 5. exd6 exd6 6. Nc3 Be7 7. h3 Bf5 8. Nf3
O-O 9. Be2 N8d7 (9... Nc6 {is the usual move, of course, but in the game a
position arises which is also often met with after that move.}) 10. O-O Re8 11.
d5 Ne5 12. Nd4 Bd7 13. b3 c5 14. dxc6 bxc6 15. Be3 {This is the position in
question: normally Black's knight has gone by way of c6, and Black can also
retreat the bishop from f5 to g6.} Qc7 16. Rc1 Rad8 17. Qc2 {Only here do the
players deviate from I.Rogers-Bagirov, 2nd Bundesliga 1995, which went} (17.
Qd2 Bc8 (17... Bf8 18. f4 Ng6 19. f5 Ne5 20. f6 $16) 18. Qc2 Bf8 19. Rfd1 Qe7
20. Bf4 Bb7 21. Nf5 Qe6 22. Re1 Qg6 23. Bg3 Bc8 24. Nd4 Bb7 25. Qxg6 hxg6 26.
Bf1 a6 27. Nc2 f6 28. f4 Nf7 29. Bf2 Nd7 30. Nd4 f5 31. g4 Rxe1 32. Rxe1 c5 33.
Ne6 Re8 34. g5 Rc8 35. Nd5 Nd8 36. Nxf8 Kxf8 37. Ne7 Rc7 38. Nxg6+ Kf7 39. Nh8+
Kf8 40. Bd3 Nf7 41. Ng6+ Kg8 42. Re8+ Kh7 43. Bxf5 {1-0. White's nagging
structural advantage in this line is very difficult to shake, and Baburin, one
of the great experts in this line for Black, has recently been experimenting
with move orders designed to try and avoid it.}) 17... Bf8 18. Bg5 f6 19. Bd2
c5 {Quite a strange move since presumably the purpose of White's last couple
of moves was to vacate e3 for the knight to reach via f5.} ({I wonder if this
was the moment for ...d5. I don't see anything in particular for White after} 
19... d5 20. cxd5 cxd5 {I think avoiding this was probably part of the purpose
of Rogers' Qd2-c2 two-step.}) 20. Nf5 Qc8 21. Ne3 g6 22. Ne4 Re6 23. Nd5 Bg7
24. Nf4 (24. Nxd6 {at once seems to win a pawn for nothing and retain much the
superior position: either the players missed this completely or my computer
and I are deluded.} Qc6 25. Nb5 Qb7 26. Nbc7 Rd6 27. Be3 {, for example, is
crushing - perhaps White didn't notice how effective the knight would be on b5.
}) 24... Re7 25. Nxd6 Qc6 26. Ne4 Kh8 27. Ng3 Bc8 28. Rfd1 Bb7 29. Bf1 Red7 30.
Be3 f5 {White still stands better, to be sure, but Black has managed to
generate a little bit of counterplay.} 31. Nd5 {Giving back the pawn and
trading Black's worst piece leaves only the hope of exploiting the weak c5
pawn, and is an admission that Black's counterplay has become too strong.
According to the computer White should have begun to exchange pieces with} (31.
Rxd7 Rxd7 32. Rd1 {. 32...} g5 {now looks scary but White seems to retain the
edge, for example} 33. Nfh5 f4 34. Rxd7 Nbxd7 35. Nxg7 Kxg7 36. Nf5+ Kf6 37.
Bd2 Qe6 38. Nh6 Kg7 39. Ng4 Nxg4 40. hxg4 Qxg4 41. f3 Qe6 {It is
understandable why White wouldn't go for this line in a game, though.}) 31...
Nxd5 32. cxd5 Rxd5 33. Rxd5 Rxd5 34. Rd1 Rxd1 35. Qxd1 Bf6 36. Qc1 Nd7 37. Ne2
a5 38. Nf4 a4 39. bxa4 Qxa4 40. Qc4 $11 Qxc4 41. Bxc4 Bc6 42. Ne6 Ne5 43. Be2
Bd5 44. Nxc5 Bxa2 45. Nd3 Bc4 46. Nc1 Bd5 47. f4 Nc4 48. Bxc4 Bxc4 49. Kf2 h5
50. Ne2 Kg8 51. Bd4 Bd8 52. Ng1 Bc7 53. Ke3 Bf1 54. Kf2 Bb5 55. Ke3 Bc6 56. Nf3
Kf7 57. Ne5+ Bxe5 58. Bxe5 Bxg2 59. h4 Ke6 60. Bc7 Kd7 1/2-1/2